Essentials of understanding psychology / (Record no. 36519)

MARC details
000 -LEADER
fixed length control field 01350cam a2200313 a 4500
005 - DATE AND TIME OF LATEST TRANSACTION
control field 20090901083202.0
008 - FIXED-LENGTH DATA ELEMENTS--GENERAL INFORMATION
fixed length control field 080918s2009 maua b 001 0 eng
010 ## - LCCN (DPL NO)
LC control number ENG-96284
020 ## - INTERNATIONAL STANDARD BOOK NUMBER
International Standard Book Number 9780070700444
Terms of availability 495.00
020 ## - INTERNATIONAL STANDARD BOOK NUMBER
International Standard Book Number 0070700443
Terms of availability 495.00
035 ## - SYSTEM CONTROL NUMBER
System control number EN-79817
037 ## - SOURCE OF ACQUISITION
Source of stock number/acquisition DBAD/PUB
040 ## - CATALOGING SOURCE
Original cataloging agency DPL
082 ## - DEWEY DECIMAL CLASSIFICATION NUMBER
Classification number 150
100 ## - MAIN ENTRY--PERSONAL NAME
Personal name Feldman, Robert S.
9 (RLIN) 21513
245 ## - TITLE STATEMENT
Title Essentials of understanding psychology /
Statement of responsibility, etc by Robert S. Feldman.
250 ## - EDITION STATEMENT
Edition statement 7th ed
260 ## - PUBLICATION, DISTRIBUTION, ETC. (IMPRINT)
Place of publication, distribution, etc New Delhi
Name of publisher, distributor, etc Tata McGraw Hill
Date of publication, distribution, etc 2009
270 ## - ADDRESS
Address 7, West Patel Nagar
City New Delhi
Postal code 110008
300 ## - PHYSICAL DESCRIPTION
Extent various pagings :
Other physical details ill.
Dimensions 28cm (pbk)
500 ## - GENERAL NOTE
General note Includes bibliographical references and indexes.
650 ## - SUBJECT ADDED ENTRY--TOPICAL TERM
Topical term or geographic name as entry element Psychology
Form subdivision Textbooks.
9 (RLIN) 21514
856 ## - ELECTRONIC LOCATION AND ACCESS
Materials specified Table of contents only
Uniform Resource Identifier <a href="http://www.loc.gov/catdir/toc/ecip0828/2008041141.html">http://www.loc.gov/catdir/toc/ecip0828/2008041141.html</a>
856 ## - ELECTRONIC LOCATION AND ACCESS
Materials specified Contributor biographical information
Uniform Resource Identifier <a href="http://www.loc.gov/catdir/enhancements/fy0901/2008041141-b.html">http://www.loc.gov/catdir/enhancements/fy0901/2008041141-b.html</a>
856 ## - ELECTRONIC LOCATION AND ACCESS
Materials specified Publisher description
Uniform Resource Identifier <a href="http://www.loc.gov/catdir/enhancements/fy0901/2008041141-d.html">http://www.loc.gov/catdir/enhancements/fy0901/2008041141-d.html</a>
942 ## - ADDED ENTRY ELEMENTS (KOHA)
Source of classification or shelving scheme Dewey Decimal Classification
Item type English Books
Call number suffix FEL
Classification part 150
Holdings
Withdrawn status Lost status Source of classification or shelving scheme Damaged status Not for loan Collection code Home library Current library Date acquired Source of acquisition Cost, normal purchase price Total Checkouts Full call number Barcode Date last seen Copy number Cost, replacement price Koha item type
    Dewey Decimal Classification   Not For Loan Non-fiction D.B.Act.Division D.B.Act.Division 10/05/2010 DBAD/PUB 495.00   150 FEL EN-79817 03/06/2010 1 495.00 English Books

© Delhi Public Library
Hit Counter
free hit counter